| 000 | 00617nam a2200217 a 4500 | ||
|---|---|---|---|
| 005 | 20250408063822.0 | ||
| 008 | 991125s1998 mx 000 0 spa u | ||
| 020 | _a9682457041 | ||
| 035 | _aUPN01000137091 | ||
| 049 | _aCG | ||
| 050 | 4 |
_aLB1049 _bG4.2 1998 |
|
| 100 | 1 | _aGarza, Rosa María | |
| 245 | 1 | 0 |
_aAprender cómo aprender / _cRosa María Garza, Susana Leventhal. |
| 250 | _a2a ed. | ||
| 260 |
_aMéxico : _bTrillas : _bITESM, _c1998. |
||
| 300 |
_a144 p. : _bfigs. |
||
| 650 | 4 |
_aMétodos de estudio _94280 |
|
| 650 | 4 |
_aAutoeducación _92905 |
|
| 700 | 1 |
_aLeventhal, Susana, _ecoaut. |
|
| 905 | _aLibro | ||
| 999 |
_c109242 _d109242 |
||